000 00587nam a2200205Ii 4500
001 7337
003 CO-ViMGA
008 241108s9999||||xx |||||||||||||| ||und||
040 _aCO-ViMGA
_bspa
_erda
_cCO-ViMGA
041 0 _aunk
082 0 4 _a870-S267
100 1 _aPaolo Savi-López
_956510
245 1 0 _aOrígenes neolatinos
264 1 _a[Lugar de publicación no identificado] : Labor, 1935
300 _avolumen
336 _atext
_btxt
_2rdacontent
337 _aunmediated
_bn
_2rdamedia
338 _avolume
_bnc
_2rdacarrier
940 _aidficha_siabuc: 7166. -- ficha_no_siabuc:7337
999 _c54542
_d54542